BROTHER PETROC'S RETURN /

Kaydedildi:
Detaylı Bibliyografya
Yazar: S.M.C (autor)
Materyal Türü: Kitap
Seri Bilgileri:IMAGE BOOKS
Konular:
Etiketler: Etiketle
Etiket eklenmemiş, İlk siz ekleyin!

MARC

LEADER 00000nam^a2200000^a^4500
001 000232577
005 20250521000000.0
009 20260310104607.622
035 |a 055396 
037 |a Acervo Xavier Clavigero 
082 |a 813. 5  |b SMC 
100 |a S.M.C.  |e (autor) 
245 1 0 |a BROTHER PETROC'S RETURN /  |c S.M.C 
264 |a NEW YORK :  |b A DIVISION OF DOUBLEDAY & COMPANY,  |c 1955 
300 |a 160p. 
336 |a texto  |b txt  |2 rdacontenido 
337 |a sin mediación  |b n  |2 rdamedio 
338 |a volumen  |b nc  |2 rdasoporte 
440 |a IMAGE BOOKS 
649 |a XX 
650 |a Novela Norteamericana 
650 |a Literatura Norteamericana -  |y Siglo XX 
910 |a Fondo General 
920 |a Impresos - Libros 
930 |a Colección General 
940 |a Literatura 
905 |a 101 
901 |a 055396  |b IT1  |c LIT  |i 055396  |u 20250521 
902 |a https://opac.biblio.iteso.mx/vufind/Record/000232577